<?xml version="1.0" encoding="UTF-8"?>
<record
    xmlns:xsi="http://www.w3.org/2001/XMLSchema-instance"
    xsi:schemaLocation="http://www.loc.gov/MARC21/slim http://www.loc.gov/standards/marcxml/schema/MARC21slim.xsd"
    xmlns="http://www.loc.gov/MARC21/slim">

  <leader>00981nam a2200265 a 4500</leader>
  <controlfield tag="001">83075</controlfield>
  <controlfield tag="003">BD-RjUL</controlfield>
  <controlfield tag="005">20240213110946.0</controlfield>
  <controlfield tag="008">240213s1297    ir ||||| |||| 00| 0 per d</controlfield>
  <datafield tag="035" ind1=" " ind2=" ">
    <subfield code="a">(BD-RjUL)83075</subfield>
  </datafield>
  <datafield tag="040" ind1=" " ind2=" ">
    <subfield code="a">NNL</subfield>
    <subfield code="b">ara</subfield>
    <subfield code="c">BD-RjUL</subfield>
  </datafield>
  <datafield tag="041" ind1=" " ind2=" ">
    <subfield code="a">per</subfield>
  </datafield>
  <datafield tag="082" ind1=" " ind2=" ">
    <subfield code="2">23</subfield>
    <subfield code="a">891.558</subfield>
    <subfield code="b">MUA 1297</subfield>
  </datafield>
  <datafield tag="084" ind1=" " ind2=" ">
    <subfield code="a">891.558</subfield>
  </datafield>
  <datafield tag="130" ind1="0" ind2=" ">
    <subfield code="a">&#x643;&#x644;&#x64A;&#x644;&#x629; &#x648;&#x62F;&#x645;&#x646;&#x629;.</subfield>
    <subfield code="p">&#x628;&#x627;&#x644;&#x641;&#x627;&#x631;&#x633;&#x64A;&#x629;</subfield>
    <subfield code="9">11708</subfield>
  </datafield>
  <datafield tag="245" ind1="1" ind2="0">
    <subfield code="a">&#x627;&#x646;&#x648;&#x627;&#x631; &#x633;&#x647;&#x64A;&#x644;&#x649;  = Anwar Saheli / Anv&#x101;r-i Suhayl&#x12B; = Anwar Saheli /</subfield>
    <subfield code="c">&#x628;&#x627;&#x647;&#x62A;&#x645;&#x627;&#x645;...&#x645;&#x62D;&#x645;&#x62F; &#x639;&#x628;&#x62F; &#x627;&#x644;&#x62E;&#x627;&#x644;&#x642;...biahtimam...muhamadabd alkhaliq</subfield>
  </datafield>
  <datafield tag="260" ind1=" " ind2=" ">
    <subfield code="a">&#x644;&#x643;&#x647;&#x646;&#x648;&#x60C; &#x627;&#x644;&#x647;&#x646;&#x62F; :</subfield>
    <subfield code="b">&#x645;&#x637;&#x628;&#x639; &#x64A;&#x648;&#x633;&#x641;&#x649;&#x60C;</subfield>
    <subfield code="c">&#x62F;&#x648;&#x646; &#x62A;&#x627;&#x631;&#x64A;&#x62E;.</subfield>
  </datafield>
  <datafield tag="300" ind1=" " ind2=" ">
    <subfield code="a">456 p. ;.</subfield>
    <subfield code="c">23 cm</subfield>
  </datafield>
  <datafield tag="490" ind1=" " ind2=" ">
    <subfield code="a">"Persian literature series"--Jacket</subfield>
  </datafield>
  <datafield tag="650" ind1=" " ind2=" ">
    <subfield code="a">"Persian literature</subfield>
  </datafield>
  <datafield tag="700" ind1="1" ind2=" ">
    <subfield code="a">&#x639;&#x628;&#x62F; &#x627;&#x644;&#x62E;&#x627;&#x644;&#x642;&#x60C; &#x645;&#x62D;&#x645;&#x62F;</subfield>
    <subfield code="9">11709</subfield>
  </datafield>
  <datafield tag="700" ind1="1" ind2=" ">
    <subfield code="a">&#x627;&#x644;&#x643;&#x627;&#x634;&#x641;&#x64A;&#x60C; &#x62D;&#x633;&#x64A;&#x646; &#x628;&#x646; &#x639;&#x644;&#x64A;&#x60C;</subfield>
    <subfield code="d">&#x62A;&#x648;&#x641;&#x64A; 1504</subfield>
    <subfield code="9">11710</subfield>
  </datafield>
  <datafield tag="830" ind1=" " ind2=" ">
    <subfield code="a">"Persian literature series"--Jacket</subfield>
    <subfield code="9">11711</subfield>
  </datafield>
  <datafield tag="942" ind1=" " ind2=" ">
    <subfield code="2">ddc</subfield>
    <subfield code="c">BK</subfield>
  </datafield>
  <datafield tag="999" ind1=" " ind2=" ">
    <subfield code="c">83075</subfield>
    <subfield code="d">83075</subfield>
  </datafield>
  <datafield tag="952" ind1=" " ind2=" ">
    <subfield code="0">0</subfield>
    <subfield code="1">0</subfield>
    <subfield code="2">ddc</subfield>
    <subfield code="4">0</subfield>
    <subfield code="7">1</subfield>
    <subfield code="8">NFIC</subfield>
    <subfield code="a">RUCL</subfield>
    <subfield code="b">RUCL</subfield>
    <subfield code="c">Reading</subfield>
    <subfield code="d">2024-02-13</subfield>
    <subfield code="l">0</subfield>
    <subfield code="o">F 891.558 MUA 1297</subfield>
    <subfield code="r">2024-02-13 00:00:00</subfield>
    <subfield code="t">C-1</subfield>
    <subfield code="w">2024-02-13</subfield>
    <subfield code="y">BK</subfield>
  </datafield>
</record>
